Η ιστορία σε ψίχουλα : απο τα Annales στη νέα ιστορία

Αποθηκεύτηκε σε:
Λεπτομέρειες βιβλιογραφικής εγγραφής
Κύριος συγγραφέας: Dosse, Francois, 1950-
Άλλοι συγγραφείς: Βλαχοπούλου, Αγγελική (trlf), Χατζηιωσήφ, Χρήστος Χ. (Επιμελητής έκδοσης)
Μορφή: Βιβλίο
Γλώσσα:Greek
French
Δημοσίευση: Ηράκλειο : Πανεπιστημιακές Εκδόσεις Κρήτης, 1993.
Σειρά:Ιστορία και κοινωνία (Πανεπιστημιακές Εκδόσεις Κρήτης)
Θέματα:
Ετικέτες: Προσθήκη ετικέτας
Δεν υπάρχουν, Καταχωρήστε ετικέτα πρώτοι!

MARC

LEADER 00000cam a2200000 i 4500
001 1/43331
008 940413s1993 gr | ||| |||| ||gre||
020 |a 9607309480 
035 |a 1997  |c ΓΡΑΜΜΑΤΕΙΑ ΜΥΤΙΛΗΝΗΣ  |l 10041998 
040 |a GR-MyUa  |b gre  |e AACR2 
041 1 |a gre  |h fre 
082 7 |a 901   |2 (22) 
100 1 |a Dosse, Francois,   |d 1950- 
245 1 2 |a Η ιστορία σε ψίχουλα :   |b απο τα Annales στη νέα ιστορία /   |c Francois Dosse ; μετάφραση: Αγγελική Βλαχοπούλου ; επιμέλεια: Χρήστος Χατζηιωσήφ.  
260 |a Ηράκλειο :   |b Πανεπιστημιακές Εκδόσεις Κρήτης,   |c 1993.  
300 |a 289 σ. ;   |c 24 εκ.  
490 1 |a (Ιστορία και κοινωνία / Πανεπιστημιακές Εκδόσεις Κρήτης)  
500 |a Περιλαμβάνει ευρετήριο. 
650 0 |a History  |x Philosophy. 
650 0 |a Annales school. 
650 0 |a Historiography. 
650 0 |a Historians  |z France. 
650 0 |a History  |x Methodology. 
700 1 |a Βλαχοπούλου, Αγγελική,  |e trlf 
700 1 |a Χατζηιωσήφ, Χρήστος Χ.  |e edt 
765 0 8 |i Μετάφραση του:   |t L'histoire en miettes :  
830 0 |a Ιστορία και κοινωνία (Πανεπιστημιακές Εκδόσεις Κρήτης) 
852 |a INST  |b LESVOS  |e 19940912  |h 901 DOS  |p 005100003705  |q 005100003705  |t BK  |y 0 
852 |a INST  |b LESVOS  |e 19940912  |h 901 DOS  |p 005100003706  |q 005100003706  |t BK  |y 0 
852 |a INST  |b LESVOS  |e 19940912  |h 901 DOS  |p 005100003707  |q 005100003707  |t BK  |y 0 
852 |a INST  |b LESVOS  |e 19940414  |h 901 DOS  |p 005100005050  |q 005100005050  |t BK  |y 0 
852 |a INST  |b LESVOS  |e 19940414  |h 901 DOS  |p 005100005051  |q 005100005051  |t BK  |y 0 
852 |a INST  |b LESVOS  |e 19940413  |h 901 DOS  |p 005100006556  |q 005100006556  |t BK  |y 0 
852 |a INST  |b RHODES  |e 20000210  |h 901 DOS  |p 005400013987  |q 005400013987  |t BK  |y 4  |x 20210510 
852 |a INST  |b SAMOS  |e 19980211  |h 901 DOS  |p 005300008639  |q 005300008639  |t BK  |y 0 
901 |a BIBL-1998-1 
901 |a BIBL4-2000-1 
922 |a 4ΕΛΗ  |b 200002  |c ΔΩΡΕΑ